[Event "Nezhmetdinov Memorial 35th"]
[Site "Kazan"]
[Date "2013.06.07"]
[Round "8"]
[White "Kalegin, Evgenij"]
[Black "Atalik, Suat"]
[Result "1-0"]
[WhiteElo "2457"]
[BlackElo "2597"]
[Annotator "Atalik,S"]
[PlyCount "49"]
[EventDate "2013.05.31"]
[EventType "swiss"]
[EventRounds "9"]
[EventCountry "RUS"]
[SourceTitle "CBM 155"]
[Source "ChessBase"]
[SourceDate "2013.07.16"]
[SourceVersion "1"]
[SourceVersionDate "2013.07.16"]
[SourceQuality "1"]

{Some games are really tough to analyse. I really can not understand now how I
could have played that badly!} 1. e4 e5 2. Nf3 Nc6 3. Bc4 Nf6 4. d3 h6 $5 5.
O-O d6 6. c3 g6 7. d4 Qe7 (7... Bg4 $2 8. Qb3 Qd7 9. Bxf7+ $18) 8. dxe5 $5 (8.
Re1 Bg7 9. Nbd2 O-O 10. h3 Qd8 $5 $14) 8... Nxe5 9. Nxe5 dxe5 $6 {A bad
decision after which to play for a win is getting more and more difficult.} (
9... Qxe5 10. Nd2 Bg7 11. Nf3 Qc5 12. Bd3 O-O $13) 10. Qe2 c6 $6 {This at
least weakens the d6-square.} (10... Bg7 11. b3 O-O 12. Ba3 c5 13. b4 Be6 14.
bxc5 Bxc4 15. Qxc4 Rfd8 $44) (10... Bd7 $5 11. Na3 (11. f3 Nh5 12. Qf2 Qc5 $11)
11... O-O-O $132) 11. a4 Bg4 12. f3 Be6 13. Be3 (13. Na3 Bg7 14. Bxe6 Qxe6 15.
Qc4 $16 {is another way to get advantage of Black's play which is definitely
suspect!}) 13... h5 $2 {Neglecting the development for no reason at all.} (
13... Nh5 14. g3 Bxc4 15. Qxc4 Ng7 16. Nd2 (16. Na3 Ne6 17. Rfd1 Qc7 18. b4 Be7
19. a5 Kf8 $16) 16... Ne6 $16 {White is clearly better but Black does not lose
at once.}) 14. Na3 h4 $2 {At least I could have been consequent!} (14... Bh6
15. Bf2 (15. Bxh6 Rxh6 16. Qe3 Rh8 17. Rfd1 Kf8 18. Bxe6 Qxe6 19. Qc5+ Kg7 20.
Rd6 Nd7 $1 21. Rxe6 Nxc5 22. Rxe5 Nxa4 23. Re7 b5 $132) 15... O-O 16. a5 $16)
15. Rfd1 Nh5 $4 {One final abuse on my position!} (15... Bxc4 16. Nxc4 (16.
Qxc4 Nd7) 16... Qe6 17. Rd2 Be7 18. Rad1 O-O 19. Nd6 $18 {is only technically
lost!}) 16. Nb5 $1 $18 Bxc4 (16... Nf4 17. Bxf4 Bxc4 18. Qxc4 Qc5+ 19. Qxc5
Bxc5+ 20. Kf1 cxb5 21. Bxe5 Rh5 22. Rd5 $1 $18 {is hopeless with two pawn down.
}) 17. Qxc4 Rd8 18. Nxa7 $1 Bh6 19. Bc5 $1 (19. Bb6 $2 Rxd1+ 20. Rxd1 O-O 21.
Bc5 Qg5 22. Bxf8 Qe3+ (22... Bxf8 $2 23. Qd3 Bc5+ 24. Kh1 Bxa7 25. Qd8+ Qxd8
26. Rxd8+ Kg7 27. Rd7 $18) 23. Kh1 (23. Kf1 Bxf8 $44) 23... Bxf8 $44) 19... Qg5
(19... Qf6 20. Qb4 $18) (19... Qc7 20. a5 $18) 20. Nb5 $1 {The nice point is
that the knight sacrifices itself from the same point.} Rd2 21. Rxd2 Qxd2 22.
Nd6+ Kd8 23. Bb6+ $1 {Beautiful!} (23. Nxf7+ Kc7 24. Nxh8 $18 {does also win
since Black has no real threat!}) 23... Ke7 24. Qxf7+ Kxd6 25. Bc7+ (25. Bc7+
Kc5 26. b4#) 1-0

[Event "Recklinghausen"]
[Site "Recklinghausen"]
[Date "1998.07.27"]
[Round "3"]
[White "Mainka, Romuald"]
[Black "Graf, Alexander"]
[Result "1/2-1/2"]
[WhiteElo "2500"]
[BlackElo "2625"]
[Annotator "Atlas,V"]
[PlyCount "139"]
[EventDate "1998.07.25"]
[EventType "tourn"]
[EventRounds "9"]
[EventCountry "GER"]
[EventCategory "12"]
[SourceTitle "CBM 067"]
[Source "ChessBase"]
[SourceDate "1998.11.30"]
[SourceVersion "2"]
[SourceVersionDate "1998.11.01"]
[SourceQuality "1"]

{[%mdl 6144]} 1. e4 e5 2. Nf3 Nc6 3. Bc4 Nf6 4. d3 Be7 5. O-O O-O 6. Re1 d6 7.
a4 Be6 8. a5 (8. Nbd2 Qd7 9. c3 Rfe8 10. Bb3 Bf8 11. a5 $1 {/\ 12. Ba4 h6 13.
a6} Bxb3 12. Qxb3 a6 $1 13. Nf1 d5 14. Bg5 dxe4 15. dxe4 Qe6 16. Qxe6 (16. Qxb7
$4 Ra7 $19) 16... Rxe6 17. Bxf6 Rxf6 18. Ne3 Re6 $1 (18... Rd6 $2 19. Nc4) 19.
Red1 Rd6 20. Nd5 Rc8 $11 {Grosar,A-Gostisa,L/Slovenija (ch) 1994/Inf 62 (20)})
8... a6 9. Nbd2 Qd7 10. c3 Rae8 11. Bb3 Bxb3 12. Qxb3 Nd8 $1 13. Nf1 Ne6 14.
Ng3 (14. Qxb7 $4 Nc5 15. Qb4 Nxd3 $19) 14... Nc5 15. Qd1 Qb5 16. c4 (16. d4 Nb3
{[%csl Ra5]}) 16... Qb3 17. Ra3 Qxd1 18. Rxd1 Nfd7 19. Be3 Bf6 20. h3 (20. b4
$5 Ne6 21. Nh5 Be7 22. d4) 20... g6 21. Bh6 Bg7 22. Bxg7 Kxg7 23. b4 Ne6 24. d4
exd4 25. Nxd4 Nxd4 26. Rxd4 Ne5 27. Rb3 Re7 28. f4 Nc6 29. Rd5 Rfe8 30. Kh2 (
30. c5 dxc5 31. Rxc5 h5 32. h4 Rd7) (30. Kf2 h5 31. h4 Rxe4 $1 32. Nxe4 Rxe4
$17) 30... h5 $1 31. h4 Rxe4 $1 {Well-justified and timely carried out
exchange sacrifice: Black obtains a full compensation. However, the fight is
just blazing up.} 32. Nxe4 Rxe4 $44 33. c5 $1 Nd4 34. cxd6 cxd6 (34... Nxb3 $4
35. d7) 35. Rd3 Nf5 36. b5 Rxf4 37. g3 Rf2+ 38. Kg1 Rc2 (38... Rb2) 39. b6 Kf6
40. Ra3 Ke6 41. Rdd3 d5 42. Rdc3 Re2 43. Rc7 Nd6 44. Kf1 Re5 45. Ra1 d4 46. Re1
Ne4 47. Rxb7 Nxg3+ 48. Kf2 Ne4+ 49. Kg2 d3 50. Rb8 d2 51. Rd1 Rb5 52. Re8+ Kd5
53. Kf3 Rb3+ $2 (53... f5 54. Kf4 $140 Kc4 {and Black is clearly out of danger.
}) 54. Kf4 Rb4 $2 (54... f5 55. Rxe4 $5 fxe4 56. Rxd2+ Kc6 (56... Ke6 57. Kxe4
Rh3 58. Rb2 $18) 57. Rg2 Kb5 58. Rg5+ Ka4 59. Kxe4 Rb4+ 60. Kd5 Kxa5 61. Kc6+
$18) 55. Rd8+ $2 ({White missed} 55. Re5+ $18) 55... Kc6 56. Ke5 f6+ 57. Ke6 g5
58. Rc8+ Kb5 59. Kd5 Ka4 60. b7 Kxa5 61. Rc4 $2 (61. Ra1+ Ra4 62. b8=Q Rxa1 63.
Qc7+ $18 {was much simpler.}) 61... Rxc4 62. b8=Q Rc1 63. Kxe4 (63. Qd8+ Ka4
64. Kxe4 Rxd1 65. Kd3) 63... Rxd1 64. Kd3 gxh4 65. Kc2 Rc1+ 66. Kxd2 Rc4 67.
Kd3 Rb4 68. Qd6 Ka4 69. Qxa6+ Kb3 70. Qxf6 {The position is won for White. If
the draw was indeed agreed, it might have been the result of the lack of time
Whie had in disposal.} (70. Qxf6 h3 71. Qf7+ Kb2 72. Qxh5 $18) 1/2-1/2

[Event "Tan Chin Nam Cup 3rd "]
[Site "Beijing"]
[Date "1997.08.19"]
[Round "1"]
[White "Tiviakov, Sergei"]
[Black "Sermek, Drazen"]
[Result "1-0"]
[WhiteElo "2590"]
[BlackElo "2565"]
[Annotator "Atlas,V"]
[PlyCount "57"]
[EventDate "1997.08.11"]
[EventType "tourn"]
[EventRounds "11"]
[EventCountry "CHN"]
[EventCategory "12"]
[SourceTitle "CBM 061"]
[Source "ChessBase"]
[SourceDate "1997.11.23"]
[SourceVersion "1"]
[SourceVersionDate "1997.11.23"]
[SourceQuality "1"]

1. e4 e5 2. Nf3 Nc6 3. Bc4 Nf6 4. d3 h6 5. O-O d6 6. c3 g6 7. d4 Qe7 8. Re1 Bg7
9. Nbd2 O-O 10. h3 Nh7 (10... Qd8 {deserves attention:} 11. d5 Ne7 12. Nf1 Nh5
13. N3h2 Nf4 14. Ng3 c6 15. dxc6 bxc6 16. Bb3 Ne6 17. Be3 d5 18. Qd2 Kh7 19.
Rad1 Bb7 20. Qc2 f5 21. exf5 Nxf5 22. Nxf5 gxf5 23. Nf3 Qf6 24. Nxe5 Qxe5 25.
Bc5 {Baciu Ionescu,O-Olarasu,G/ROM-chT 1994/EXT 94ch/0-1 (39)}) 11. Nf1 Ng5 12.
Bxg5 $5 ({An interesting concept. The standard continuation} 12. Nxg5 {leads
to a complex play:} hxg5 13. d5 Nd8 14. Bd3 (14. Bd2 f5 15. Be2 Qf6 16. f3 Nf7
17. Be3 g4 18. fxg4 Bh6 19. gxf5 gxf5 20. Bxh6 Nxh6 21. exf5 Bxf5 22. Bd3 Bxh3
23. gxh3 Qg5+ 24. Kh1 Rf2 25. Be4 Kh8 26. Re2 Rg8 27. Ne3 Rf6 28. Bg2 Qh4 {
Maric,M-Dabrowska,K/Jakarta iztW 1993/EXT 93/1-0 (40)}) 14... f5 15. g4 f4 16.
c4 c5 17. Bd2 b6 18. a3 Rf7 19. Bc2 Bf8 20. Nh2 Rh7 21. Kg2 Qc7 22. Ba4 Be7 23.
b4 Kg7 24. Qe2 Bb7 25. Nf3 Nf7 26. Rec1 Rah8 {Dolmatov,S-Timoshchenko,G/
URS-ch49 Frunze 1981/URS-ch/1/2-1/2 (45)}) (12. N1h2 {also deserves serious
attention:} Nxf3+ 13. Nxf3 Na5 (13... Kh7 14. dxe5 Nxe5 15. Nxe5 Qxe5 16. Qd5
Be6 17. Qxe5 Bxe5 18. Bd5 c6 19. Bxe6 fxe6 20. Be3 c5 21. h4 Rad8 22. Rad1 b6
23. Rd2 Rd7 24. Red1 Rg7 25. g3 g5 26. hxg5 hxg5 27. Kg2 Rh8 28. f3 Bf4 29.
Bxf4 gxf4 30. Rxd6 Rxg3+ 31. Kf2 Rh3 32. Kg2 Rg3+ 33. Kf2 Rh3 34. Kg2 {1/2-1/2
Gavrilakis,N-Rubinetti,J/Luzern olm 1982/BIG 80}) 14. Bd3 c5 15. Be3 Kh7 16.
Qa4 b6 17. b4 Bd7 18. Qa3 cxd4 19. cxd4 Nc6 20. d5 Nd4 21. Bxd4 exd4 22. Ba6 b5
23. Rac1 Rab8 24. Rc7 Rfe8 25. Bb7 Qd8 26. Rec1 Rxe4 {Dolmatov,S-Beliavsky,A/
URS-FL Tashkent 1980/MCL 06/1-0 (77)}) 12... hxg5 13. Ne3 {Preventing ...g4
and intending to attack the weak g-pawn after Qd2 and Nd5.} (13. Qd2 {is met by
} g4) 13... Rb8 $6 {A dubious decision. Natural 13...Na5 was better.} 14. Qd2
b5 $2 {Another strange move. 14...Na5 was to be preferred.} 15. Bb3 Na5 ({
Better was} 15... Qd8 {, also after} 16. Rad1 {White has a large advantage.})
16. Nd5 {Winning the g-pawn.} Qd8 17. dxe5 Bxe5 18. Qxg5 Qxg5 19. Nxg5 c6 20.
f4 $1 {An important resource, which was, probably, overlooked by Black. After
this move Black has an unbearble position.} cxd5 (20... Bg7 {loses in view of}
21. Ne7+ Kh8 22. Nxf7+ {The text move, however, also does not leave Black any
hope.}) 21. fxe5 Nxb3 22. axb3 dxe5 23. exd5 a6 24. Rad1 {The ending is lost.}
f6 25. Ne4 Rb6 26. d6 Bd7 27. g4 Kf7 28. g5 Bxh3 29. gxf6 1-0

[Event "RUS-Cup07"]
[Site "Tomsk"]
[Date "1998.07.18"]
[Round "4"]
[White "Kalashnikov, Konstantin"]
[Black "Yandemirov, Valeri"]
[Result "1/2-1/2"]
[WhiteElo "2315"]
[BlackElo "2545"]
[Annotator "Atlas,V"]
[PlyCount "59"]
[EventDate "1998.07.15"]
[EventType "swiss"]
[EventRounds "9"]
[EventCountry "RUS"]
[SourceTitle "CBM 067"]
[Source "ChessBase"]
[SourceDate "1998.11.30"]
[SourceVersion "2"]
[SourceVersionDate "1998.11.01"]
[SourceQuality "1"]

1. e4 {[%mdl 256]} e5 2. Nf3 Nc6 3. Bc4 Nf6 4. d3 Be7 5. c3 O-O 6. O-O h6 7.
Re1 d6 8. Bb3 Nh7 {[%csl Rg5][%cal Gh7g5]} 9. Nbd2 Ng5 10. Nf1 {This attempt
does not lead to an opening edge. Black comfortably equalizes.} (10. Nxg5 Bxg5
11. Nc4 Be6 12. d4 Bxc4 13. Bxc4 Bxc1 14. Rxc1 Qf6 15. Bd5 Ne7 16. Bb3 Ng6 17.
Qg4 Kh8 18. Qf5 $14 {1-0 Psakhis,L-Romanishin,O/Lvov 1984/Inf 37 (57)}) 10...
Bg4 11. Bxg5 Bxg5 12. h3 Bd7 13. Nxg5 Qxg5 14. Qf3 Kh8 15. Qg3 Qxg3 16. Nxg3
Ne7 17. Rad1 f5 $11 18. exf5 Nxf5 19. Nxf5 Bxf5 20. d4 exd4 21. Rxd4 Rae8 22.
Rxe8 Rxe8 23. Rf4 Be6 24. Bc2 (24. Re4 Bf7 25. Rxe8+ Bxe8 $11) 24... Kg8 25.
Bg6 Re7 26. Ra4 a6 27. Re4 Kf8 28. Rf4+ Kg8 29. Re4 Kf8 30. Rf4+ 1/2-1/2

[Event "RUS-chT 05th"]
[Site "Maikop"]
[Date "1998.06.08"]
[Round "6"]
[White "Eismont, Oleg"]
[Black "Yandemirov, Valeri"]
[Result "0-1"]
[WhiteElo "2470"]
[BlackElo "2545"]
[Annotator "Atlas,V"]
[PlyCount "84"]
[EventDate "1998.06.03"]
[EventType "team-tourn"]
[EventRounds "11"]
[EventCountry "RUS"]
[SourceTitle "CBM 066"]
[Source "ChessBase"]
[SourceDate "1998.09.30"]
[SourceVersion "1"]
[SourceVersionDate "1998.09.30"]
[SourceQuality "1"]
[WhiteTeam "Noyabrsk Yamal"]
[BlackTeam "Kazan Sberbank-Tatarstan"]
[WhiteTeamCountry "RUS"]
[BlackTeamCountry "RUS"]

1. e4 e5 2. Nf3 Nc6 3. Bc4 Nf6 4. d3 Be7 5. O-O O-O 6. Re1 d6 7. a4 h6 8. c3
Nh7 {The popularity of this variation increased after the game
Speelman-Malanjuk (Russia, 1994), where White had played 9.a5 and eventually
come to an advantage. 9. Nbd2 can be considered as an alternative to 9. a5.
Apparently, 9. d4, employed in this game, allows Black to get comfortable game,
since without completing develompent it is difficult for White to retain his
center.} 9. d4 Ng5 $1 10. Nxg5 Bxg5 11. dxe5 Nxe5 12. Be2 Bxc1 13. Qxc1 a5 $1 {
A pawn advancement which was foreordained to play an important role in the
further drift of affairs. Missing his chance to play a4-a5, White will have to
weaken his pawn structure in order to protect a pawn at a4. After the text
White's play on the kingside is frozen.} 14. f4 {This move is a prime cause of
White's difficulites. White did not get anything after the opening, but now
Black obtains a play against the pawn at e4.} Nd7 15. Qc2 Nc5 16. Bf3 Bd7 17.
Nd2 (17. b4 $2 axb4 18. cxb4 Qf6 $1 $17) 17... Qf6 18. g3 Rfe8 19. b3 Bc6 20.
Re2 Re7 21. Rae1 Qg6 22. Nf1 {White is deprived of any counterplay, while
Black can comfortably continue to strengthen his position. After Black doubles
his rooks, he will permanently threaten to explode White's redoubts by means
of breakthrhoughs b7-b5 or d6-d5} Rae8 23. f5 {After this move dark fields in
the centre are yawning. Black gains control over the point e5 and increases
pressure on White's weaknesses.} Qf6 24. h4 {[%csl Re4][%cal Ge8e4,Gc5e4,Gc6e4,
Gf6e5]} Qe5 25. Kh2 b5 $1 {Exchange on b5 forces White to play c4 and Black
will find his way to the square d4.} 26. axb5 Bxb5 27. c4 Bc6 28. Nd2 Qd4 29.
Bg2 Nd3 $1 {This move forces a liquidation into an endgame, in which White
will be incapable to protect all his weaknesses.} 30. Nf3 (30. Rf1 Ne5) 30...
Nxe1 31. Nxd4 Nxc2 32. Nxc6 Nb4 $1 {This is the best square for the Knight,
since it prevents transposing White's Rook to d5.} 33. Nxe7+ Rxe7 34. Rd2 Re5
35. g4 g5 $1 {Fixes all White's pawns at the light squares. The triumph of
Black's strategy!} 36. Kg3 Kg7 37. hxg5 hxg5 38. Rd1 Na6 {Black retargets his
knight at the square c5. White's position is untenable.} 39. Re1 Nc5 40. Re3
Re8 41. Kf2 {Loses a pawn at b3.} (41. Bf3 Kf6 {and White is unable to prevent
march of Black's king.}) 41... Rb8 42. e5 dxe5 0-1

[Event "RUS-chT 05th"]
[Site "Maikop"]
[Date "1998.06.12"]
[Round "10"]
[White "Vlassov, Nikolai"]
[Black "Yandemirov, Valeri"]
[Result "0-1"]
[WhiteElo "2440"]
[BlackElo "2545"]
[Annotator "Atlas,V"]
[PlyCount "60"]
[EventDate "1998.06.03"]
[EventType "team-tourn"]
[EventRounds "11"]
[EventCountry "RUS"]
[SourceTitle "CBM 066"]
[Source "ChessBase"]
[SourceDate "1998.09.30"]
[SourceVersion "1"]
[SourceVersionDate "1998.09.30"]
[SourceQuality "1"]
[WhiteTeam "Moscow Apiko-Yakimanka"]
[BlackTeam "Kazan Sberbank-Tatarstan"]
[WhiteTeamCountry "RUS"]
[BlackTeamCountry "RUS"]

1. e4 e5 2. Bc4 Nf6 3. d3 Nc6 4. Nf3 Be7 5. O-O O-O 6. Re1 d6 7. a4 h6 8. a5 a6
9. c3 Nh7 10. d4 (10. Qb3 {is bound with another plan, which presupposes
obstaining from an advancement d3-d4 and pawn offencive at the Q-side. Game
Nevednichy,V-Ciolac,G, Rom-chT, 1994, saw} Ng5 (10... Kh8 11. Bxf7 Bg4 12. Nbd2
Bg5 13. Nxg5 Nxg5 14. f3 Bh3 15. Bh5 g6 16. Bg4 {1-0 (59), Shaked,T-Finegold,B,
Philadelphia World op, 1993)}) 11. Nbd2 Rb8 12. Qa2 Kh8 13. b4 Qe8 14. Nxg5
Bxg5 15. Nf1 Bxc1 16. Raxc1 Be6 17. Ne3 $14) (10. b4 Be6 $5) (10. Nbd2 Ng5 11.
h3 Bf6 12. Nf1 $14 {(Rabiega,R-Simic,D) deserves attenion as well.}) 10... Ng5
11. Nbd2 Bf6 $5 {A subtle move which forces White to defuse tension in the
center.} (11... Bg4 {is a good alternative for Black in this position (cf.
comments to the game Speelman,J - Malanjuk, V, CBM47, 1995).}) (11... Bg4 12.
Be2 Bxf3 13. Nxf3 Nxe4 14. Bd3 Ng5 15. Bxg5 Bxg5 16. dxe5 Nxe5 17. Nxe5 dxe5
18. Rxe5 $11 {(J.Speelman)}) 12. d5 $6 {After this move Black inevitably takes
over an initiative.} (12. dxe5 {was played in Miljanic,B-Nestorovic,D, Cup
Yugoslavia (team), 1994). After} Nxf3+ (12... Nxe5 13. Nxe5 dxe5 14. Qb3 Qd7 $6
15. Nf1 h5 16. Ne3 $1 Nxe4 17. Nd5 $36 {Domont,A-Steflitsch,E, Cup European
Club, France, 1997)}) 13. Nxf3 Nxe5 14. Nxe5 dxe5 15. Qb3 Bg5 16. Bxg5 Qxg5 17.
Re3 Qg6 18. Rd1 b5 19. axb6 Rb8 20. Rd2 Rxb6 21. Qd1 Be6 22. Bxe6 {draw was
agreed.}) 12... Ne7 13. b4 Ng6 14. g3 Nh3+ 15. Kf1 (15. Kg2 Be7 (15... Bg5 $5))
15... Be7 {Black prepares an advancement f7-f5 after which his initiative will
become menacing. White's play on the Q-side is overdue.} 16. Bd3 f5 17. exf5
Bxf5 18. Bxf5 Rxf5 19. Kg2 Qd7 $1 {[%csl Rf2,Rf3][%cal Ga8f8,Gf8f2,Gh3f2,Gg6f4,
Gg6h4] The most effective way to bring remaining resources into play.} 20. Ne4
Raf8 21. Re3 Bg5 $1 {Clearing the way to the point f2.} 22. Nfxg5 Nxg5 23. Ra2
(23. Qd2 Nxe4 24. Rxe4 Rxf2+ 25. Qxf2 Rxf2+ 26. Kxf2 Qf7+ 27. Ke3 Qxd5 $19)
23... Qf7 24. Qd2 Nh4+ $1 25. Kh1 (25. gxh4 Nxe4 26. Rxe4 Qg6+ 27. Kf1 Rxf2+
$19) 25... Nxe4 26. Rxe4 Rxf2 27. Qxf2 Qxd5 $1 (27... Qxf2 $2 28. Rxf2 Rxf2 29.
Rxh4 Rf1+ 30. Kg2 Rxc1 31. Rc4) 28. Qe2 (28. Qxf8+ Kxf8 29. Rae2 Qd1+ 30. Re1
Qf3+ $19) 28... Qxe4+ $1 29. Kg1 Nf3+ 30. Kg2 Qc6 0-1

[Event "United Insurance 4th"]
[Site "Dhaka"]
[Date "1999.02.23"]
[Round "5"]
[White "Hossain, Enamul"]
[Black "Ehlvest, Jaan"]
[Result "0-1"]
[WhiteElo "2310"]
[BlackElo "2593"]
[Annotator "Atlas,V"]
[PlyCount "68"]
[EventDate "1999.02.19"]
[EventType "tourn"]
[EventRounds "13"]
[EventCountry "BAN"]
[EventCategory "10"]
[SourceTitle "CBM 070"]
[Source "ChessBase"]
[SourceDate "1999.06.08"]
[SourceVersion "1"]
[SourceVersionDate "1999.06.08"]
[SourceQuality "1"]

1. e4 e5 2. Nf3 Nc6 3. Bc4 Nf6 4. d3 Be7 5. O-O O-O 6. Re1 d6 7. a4 Kh8 8. a5
a6 9. c3 Ng8 10. d4 exd4 $5 ({An important alternative to the standard
continuations:} 10... Bg4 11. dxe5 (11. Be3 f5 12. exf5 exd4 13. cxd4 d5 14.
Be2 Bxf5 15. Nc3 Nb4 16. Rc1 c6 17. Qa4 Nd3 18. Bxd3 Bxd3 19. Bd2 Bd6 20. Ne5 {
1/2-1/2 Degraeve,J-Bauer,C/Antwerp 1998/EXT 99 (25)}) 11... Nxe5 12. Be2 Bxf3
13. Bxf3 Bg5 14. Be2 Bxc1 15. Qxc1 f5 16. f4 Nc6 17. Nd2 Qd7 18. Bd3 fxe4 19.
Nxe4 Rae8 20. g3 {1/2-1/2 Vratonjic,S-Nestorovic,D/Nis 1994/EXT 97 (43)}) (
10... f5 11. dxe5 fxe4 (11... Nxe5 12. Nxe5 dxe5 13. Qxd8 Rxd8 14. exf5 Bxf5
15. Nd2 Bf6 16. Nb3 Bd3 17. Bxd3 Rxd3 18. Nc5 Rd5 19. Be3 Be7 20. b4 Bxc5 21.
Bxc5 Re8 {1-0 Pyhala,A-Koskinen,H/FIN-chT 1992/EXT 98 (55)}) 12. Rxe4 Bf5 13.
Re1 Nxe5 14. Nxe5 dxe5 15. Be3 Qe8 16. Nd2 Nf6 17. Qb3 Bd6 18. Nf1 Qg6 19. Ng3
Bc2 20. Qxb7 h5 21. f3 h4 22. Nf1 Bf5 23. Qb3 {0-1 Vlassov,N-Kuzmin,G/St.
Petersburg 1995/CBM 46 ext (97)}) (10... Bf6 11. h3 g6 12. Nbd2 exd4 13. cxd4
Nxd4 14. Nxd4 Bxd4 15. Nf3 Bg7 16. Qb3 Qe7 17. e5 dxe5 18. Bg5 Qe8 19. Nxe5
Bxe5 20. Bf4 f6 21. Bxg8 Rxg8 22. Rxe5 {1/2-1/2 Pyhala,A-Salo,H/FIN-ch 1993/
EXT 98 (40)}) 11. Nxd4 ({If} 11. cxd4 $5 {then} f5 (11... Bg4 12. Be3) 12. e5
d5 13. Bd3 Be6) 11... Nxd4 12. cxd4 f5 13. f3 ({Or} 13. e5 d5 14. Bd3 Be6)
13... Bh4 14. Rf1 (14. Re2 $2 {fails to} fxe4 15. fxe4 $140 $4 Bg4) 14... Nh6
15. Nc3 fxe4 16. Bxh6 (16. fxe4 $5 {deserved attention:} Rxf1+ 17. Qxf1 Ng4 18.
g3 Bf6 $13) 16... gxh6 17. fxe4 Bd7 18. Kh1 $2 ({This move yields Black a
durable advantage. Better was} 18. Qe2 $1 {/\19.Rf8+ Qf8 20.Rf1; /\e4-e5})
18... Bf2 $1 19. Qd3 c6 20. b4 Qe7 21. Nd1 Bh4 22. Ne3 Bg5 23. Bb3 Rxf1+ 24.
Rxf1 Rf8 25. Nf5 $2 ({After this move White cannot effectively protect his
pawn weaknesses.} 25. Rf3 {was to be preferred.}) 25... Bxf5 26. exf5 d5 $1 {
[%csl Rb3,Rb4,Rd4][%cal Gg5f6,Gf6d4,Ge7b4] White's b4- and d4-pawns are
chronically weak, his bishop is very passive, whereas the black pieces are
ideally placed.} 27. Qc3 Re8 28. Bc2 Bf6 29. h3 h5 30. Bd1 h4 31. Bh5 Qe3 $1
32. Qc5 ({The ending, occuring after} 32. Qxe3 Rxe3 {is lost for White, as he
cannot protect his queenside pawns. The text move, however, does not allow
White to keep long resistance.}) 32... Re7 33. Qa7 Kg7 34. Qb8 Qxd4 0-1

[Event "RUS-Cup4"]
[Site "Perm"]
[Date "1997.??.??"]
[Round "8"]
[White "Eismont, Oleg"]
[Black "Bezgodov, Alexei"]
[Result "1/2-1/2"]
[WhiteElo "2465"]
[BlackElo "2570"]
[Annotator "Atlas,V"]
[PlyCount "88"]
[EventDate "1997.02.02"]
[EventType "swiss"]
[EventRounds "9"]
[EventCountry "RUS"]
[SourceTitle "CBM 058"]
[Source "ChessBase"]
[SourceDate "1997.06.01"]
[SourceVersion "1"]
[SourceVersionDate "1997.06.01"]
[SourceQuality "1"]

1. e4 e5 2. Bc4 Nf6 3. d3 Nc6 4. Nf3 h6 5. O-O d6 6. a4 g6 {This is the rarely
played line.} 7. Re1 Bg7 8. a5 O-O 9. Nc3 {White avoids an advancement c2-c3
and eventual d3-d4 standard for this opening, but does not achieve an opening
edge. Black starts an immediate action on the kingside.} Kh7 10. h3 Be6 11.
Bxe6 fxe6 12. Be3 Nh5 13. Ne2 d5 14. c3 $6 d4 15. Bd2 dxc3 16. Bxc3 Rxf3 $1 {
This exchange sacrifice provides Black with the lasting initiative.} 17. gxf3
Nd4 18. Nxd4 Qg5+ 19. Kh2 exd4 20. Bd2 Be5+ 21. Kh1 Qh4 $6 (21... Nf4 $1 {
This move promises more than the text:} 22. Bxf4 (22. Rg1 Qh4 23. Rg4 (23. Rg2
Nxh3) 23... Qxh3+ 24. Kg1 Ne2+ $1 25. Qxe2 Bh2+ 26. Kh1 Bg3+ $19) 22... Qxf4
23. Kg2 Qh2+ 24. Kf1 Qxh3+ 25. Ke2 Rf8 26. Kd2 Rxf3 27. Qe2 c5 $40) 22. Kg2 Bf4
23. Rh1 Qg5+ 24. Kf1 Bxd2 25. Rg1 {The Bishop at d2 cannot be saved.} Qf4 26.
Rg4 Qf7 27. Qxd2 Qxf3 28. Rc1 c6 (28... Qxh3+ $5 29. Rg2 Qh1+ 30. Rg1 Ng3+ 31.
fxg3 Rf8+ 32. Qf2 (32. Ke2 Qh2+) 32... Rxf2+ 33. Kxf2 Qh2+ 34. Rg2 Qh5 35.
Rxc7+ Kg8 36. Rxb7 Qxa5 {was probably the way to go. Now White gets
counterplay.}) 29. a6 Rf8 30. Kg1 (30. axb7 $4 Qxh3+ 31. Rg2 Ng3+ {and mate.})
30... Qxh3 31. Rg2 Nf4 32. Rg3 Qh5 33. axb7 Ne2+ 34. Kg2 Nxg3 35. fxg3 {
White left the worse behind himself but Black is certainly better.} Qb5 36. Rc4
Qxb7 (36... c5 37. b4) 37. Rxd4 e5 38. Rc4 Qf7 39. Qe2 Qf6 40. Ra4 Rf7 41. Ra6
Qe7 $6 (41... h5 $1 42. b4 h4 $40) 42. b4 (42. Rxc6) 42... Qb7 43. Qa2 Rd7 44.
Qc4 Rd6 (44... Rd6 45. Qc5 $1 Qxa6 46. Qxd6 $11) 1/2-1/2